Brødrene Dal serier og film - Statistics

General Stats
  • This quiz has been taken 91 times
  • The average score is 4 of 5
Answer Stats
Utgivelsesår Episoder Serie (Film) % Correct
1982 13 Brødrene Dal og Spektralsteinene
91%
1979 13 Brødrene Dal og Professor Drøvels Hemmelighet
89%
1994 12 Brødrene Dal og Legenden om Atlant-is
79%
2005 10 Brødrene Dal og Mysteriet om Karl XIIs Gamasjer
56%
2010 1 (Film) Brødrene Dal og Vikingsverdets forbannelse
44%
No matching quizzes found
Score Distribution
Percent of People with Each Score
Percentile by Number Answered
Your Score History
You have not taken this quiz